Adozinda (Registo nº 197793)

Detalhes MARC
000 -Etiqueta do registo
Valores 00726nam 22002533 4500
010 ## - Número ISBN
ISBN 972-968-79-0-0
021 ## - Número do Depósito Legal
Código do país Portugal
Número 117142/97
100 ## - Dados gerais de processamento
Dados gerais 20250909d u||y0pory50 ba
101 ## - Língua de publicação
Língua Português
102 ## - País de publicação
País Portugal
200 ## - Titulo e menção de responsabilidade
Título próprio Adozinda
Primeira menção de responsabilidade Sofia Ester
Outras menções de responsabilidade Prefácio de Daniel Sampaio
205 ## - Menção da edição
Edição
210 ## - Publicação
Local de publicação Almada
Nome do editor Editorial Planeta Azul
Data de publicação 1997
215 ## - Descrição física 
Paginação / Volumes 125, [3] p.
Outras indicações físicas Brochado
Dimensões 20 cm
300 ## - Notas gerais 
Texto da nota Novela
606 ## - Nome comum usado como assunto
ID Autoridade 7957
Palavra de ordem Literatura Juvenil Portuguesa
Subdivisão assunto Novela
675 ## - CDU
Notação 821.134.3-32-93/EST/ADO
Edição PT
Língua por
700 ## - Autor principal (pessoa individual)
ID Autoridade 4348
Apelido Ester
Nome Sofia
702 ## - Autor secundário (pessoa individual)
ID Autoridade 1004
Apelido Sampaio
Nome Daniel
Datas 1946-
801 ## - Fonte de origem
País PT
Agência BMMN
Regras de catalogação RPC
830 ## - Notas gerais do catalogador
Criado por Carlos Pinto
Data de criação 09-09-2025
Indexado por Carlos Pinto
990 ## - Elementos KOHA
Tipo de documento Livro
Exemplares
Situação do levantamento Biblioteca de origem Código de barras Cota Permissão de empréstimo Tipo de documento Forma de aquisição
  Escola Secundária de Montemor-o-Novo 25946 821.134.3-32-93/EST/ADO   Livro Oferta

Powered by Koha